Municipální úvěry

Rating niektorých českých miest v roku 2008. Financovanie municipalít pomocou úverov. Prevádzkové, investičné, hypotekárne úvery. Úročenie. Poplatky. Procedúra žiadosti o úver. Podklady pre analýzu bonity. Zaistenie úveru.

Salvato in:
Dettagli Bibliografici
Autore principale: Jiříček, Petr
Natura: Capitolo di libro
Lingua:ceco
Soggetti:
Tags: Aggiungi Tag
Nessun Tag, puoi essere il primo ad aggiungerne!!

MARC

LEADER 00000nla a2200000 4500
001 0162292
005 20220729111347.6
041 0 |a cze 
044 |a CZ 
245 1 0 |a Municipální úvěry  |c Petr Jiříček 
520 |a Rating niektorých českých miest v roku 2008. Financovanie municipalít pomocou úverov. Prevádzkové, investičné, hypotekárne úvery. Úročenie. Poplatky. Procedúra žiadosti o úver. Podklady pre analýzu bonity. Zaistenie úveru. 
610 2 0 |a úver bankový 
610 2 0 |a úver hypotekárny 
610 2 0 |a úver investičný 
610 2 0 |a úver prevádzkový 
610 2 0 |a mestá 
610 2 0 |a obce 
610 2 0 |a rating 
610 2 0 |a úrok 
610 2 0 |a poplatky 
100 1 |a Jiříček, Petr